ბათუმის შოთა რუსთაველის სახელმწიფო უნივერსიტეტის ბიბლიოთეკა

Religion and politics in the European Union : (ბიბ.ჩანაწერი № 57928)

000 -LEADER
fixed length control field 00882cam a2200205 i 4500
001 - CONTROL NUMBER
control field 18236153
005 - DATE AND TIME OF LATEST TRANSACTION
control field 20221110165553.0
008 - FIXED-LENGTH DATA ELEMENTS--GENERAL INFORMATION
fixed length control field 140722s2015 nyu b 001 0 eng
020 ## - INTERNATIONAL STANDARD BOOK NUMBER
International Standard Book Number 9781107082717x
041 ## - LANGUAGE CODE
Language code of text/sound track or separate title eng
080 ## - UNIVERSAL DECIMAL CLASSIFICATION NUMBER
Universal Decimal Classification number 322 F-75
100 1# - MAIN ENTRY--PERSONAL NAME
Personal name Foret, François.
9 (RLIN) 10981
245 10 - TITLE STATEMENT
Title Religion and politics in the European Union :
Remainder of title the secular canopy /
Statement of responsibility, etc. François Foret, Université Libre de Bruxelles.
264 #1 - PRODUCTION, PUBLICATION, DISTRIBUTION, MANUFACTURE, AND COPYRIGHT NOTICE
Place of production, publication, distribution, manufacture New York, NY :
Name of producer, publisher, distributor, manufacturer Cambridge University Press,
Date of production, publication, distribution, manufacture, or copyright notice 2015.
300 ## - PHYSICAL DESCRIPTION
Extent 323 pages ;
Dimensions 22 cm.
653 ## - INDEX TERM--UNCONTROLLED
keyword Religion and Politics in the European Union : The Secular Canopy
653 ## - INDEX TERM--UNCONTROLLED
keyword რელიგია და პოლიტიკა ევროკავშირში : საერო კანოდია
653 ## - INDEX TERM--UNCONTROLLED
keyword Религия и политика в Европейском Союзе : светский навес
942 ## - ADDED ENTRY ELEMENTS (KOHA)
Source of classification or shelving scheme
Koha item type წიგნი
ეგზემპლარები
Withdrawn status Lost status Source of classification or shelving scheme Damaged status Not for loan Permanent Location Current Location Shelving location Date acquired Cost, normal purchase price Full call number Barcode Date last seen Copy number Price effective from Koha item type Public note
          ბათუმის შოთა რუსთაველის სახელმწიფო უნივერსიტეტის მთავარი ბიბლიოთეკა ბათუმის შოთა რუსთაველის სახელმწიფო უნივერსიტეტის მთავარი ბიბლიოთეკა წიგნსაცავი 2021-04-01 204.00 322 F-75 54106 2021-04-01 54106 2021-04-01 წიგნი 204.00GEL.
          ბათუმის შოთა რუსთაველის სახელმწიფო უნივერსიტეტის მთავარი ბიბლიოთეკა ბათუმის შოთა რუსთაველის სახელმწიფო უნივერსიტეტის მთავარი ბიბლიოთეკა წიგნსაცავი 2021-04-01 204.00 322 F-75 54107 2021-04-01 54107 2021-04-01 წიგნი 204.00 GEL.